Normal view
MARC view
Entry Personal Name
001 - CONTROL NUMBER
- control field: 29067
003 - CONTROL NUMBER IDENTIFIER
- control field: dpl
005 - DATE AND TIME OF LATEST TRANSACTION
- control field: 20110630165406.0
008 - FIXED-LENGTH DATA ELEMENTS
- fixed length control field: 110630|||a|||||| | ||| d
040 ## - CATALOGING SOURCE
- Original cataloging agency: dpl
- Transcribing agency: dpl
100 ## - HEADING--PERSONAL NAME
- Personal name: Madan, T. N.
670 ## - SOURCE DATA FOUND
- Source citation: Work cat.: (dpl)52732: Madan, T. N., Modern myths, locked minds :, 2011
670 ## - SOURCE DATA FOUND
- Source citation: Work cat.: (dpl)52732: Madan, T. N., Modern myths, locked minds :, 2011
